[Event "Kaluga Tsiolkovsky Memorial op"]
[Site "Kaluga"]
[Date "2014.08.07"]
[Round "6"]
[White "Sidorov, Klim"]
[Black "Timofeev, Vladimir F"]
[Result "1/2-1/2"]
[WhiteElo "2021"]
[BlackElo "2229"]
[PlyCount "102"]
[EventDate "2014.08.02"]
[EventType "swiss"]
[EventRounds "8"]
[EventCountry "RUS"]
[SourceTitle "EXT 2023"]
[Source "ChessBase"]
[SourceDate "2022.10.05"]
[SourceVersion "1"]
[SourceVersionDate "2022.10.05"]
[SourceQuality "1"]

1. d4 Nf6 2. Nf3 d6 3. c4 Bg4 4. Qb3 Qc8 5. Bf4 Nbd7 6. Nbd2 e6 7. h3 Bh5 8. e3 Be7 9. Bd3 c5 10. 0-0 0-0 11. Ng5 Bg6 12. Bxg6 hxg6 13. Nge4 Qc6 14. Qb5 Qxb5 15. cxb5 cxd4 16. exd4 e5 17. dxe5 dxe5 18. Be3 Nd5 19. Nc4 Nxe3 20. Nxe3 Nb6 21. Nc3 Rfd8 22. Rfd1 Rac8 23. Ned5 Kf8 24. Nxb6 axb6 25. Rxd8+ Rxd8 26. Rd1 Rxd1+ 27. Nxd1 Bc5 28. Kf1 Ke7 29. Ke2 Kd6 30. Kd3 f5 31. f3 Bg1 32. b4 g5 33. g4 g6 34. Nc3 Bd4 35. Kc4 Bf2 36. a4 Bg1 37. a5 bxa5 38. bxa5 Bf2 39. a6 bxa6 40. bxa6 Kc6 41. Nd5 Kd6 42. Nb4 e4 43. fxe4 fxe4 44. Nd5 Ke5 45. Nc3 Bb6 46. Ne2 Ba7 47. Kc3 Kd5 48. Kd2 Kc4 49. Ng3 Kd4 50. Ne2+ Kc4 51. Ng3 Kd4 1/2-1/2

[Event "Kaluga Tsiolkovsky Memorial op"]
[Site "Kaluga"]
[Date "2014.08.05"]
[Round "4"]
[White "Antipov, Vladimir"]
[Black "Timofeev, Vladimir F"]
[Result "0-1"]
[WhiteElo "1930"]
[BlackElo "2229"]
[PlyCount "80"]
[EventDate "2014.08.02"]
[EventType "swiss"]
[EventRounds "8"]
[EventCountry "RUS"]
[SourceTitle "EXT 2023"]
[Source "ChessBase"]
[SourceDate "2022.10.05"]
[SourceVersion "1"]
[SourceVersionDate "2022.10.05"]
[SourceQuality "1"]

1. e4 c5 2. Nc3 Nc6 3. g3 e6 4. Bg2 Nf6 5. d3 d5 6. Bg5 d4 7. Nce2 h6 8. Bxf6 Qxf6 9. f4 e5 10. f5 g6 11. g4 h5 12. Ng3 hxg4 13. Qxg4 Bh6 14. a3 Bd7 15. N1e2 Be3 16. Qf3 0-0-0 17. fxg6 Qxf3 18. Bxf3 fxg6 19. Nf1 Rdf8 20. Nxe3 dxe3 21. Ng1 Nd4 22. Bd1 Rf2 23. c3 Ne6 24. Bg4 Nf4 25. Bxd7+ Kxd7 26. 0-0-0 e2 27. Re1 Nxd3+ 28. Kd2 Nxe1 29. Kxe1 Rhxh2 30. Rxh2 Rxh2 31. Nxe2 c4 32. Kd2 Kc6 33. Ke3 Kb5 34. Ng1 Ka4 35. Nf3 Rh3 36. Ke2 Rxf3 37. Kxf3 Kb3 38. Kg4 Kxb2 39. Kg5 Kxc3 40. Kxg6 Kd4 0-1

[Event "Kaluga Tsiolkovsky Memorial op"]
[Site "Kaluga"]
[Date "2013.08.09"]
[Round "7"]
[White "Lushnikov, Evgeny"]
[Black "Timofeev, Vladimir F"]
[Result "1-0"]
[WhiteElo "2032"]
[BlackElo "2222"]
[PlyCount "65"]
[EventDate "2013.08.03"]
[EventType "swiss"]
[EventRounds "9"]
[EventCountry "RUS"]
[SourceTitle "CBM 156 Extra"]
[Source "ChessBase"]
[SourceDate "2013.10.22"]
[SourceVersion "1"]
[SourceVersionDate "2013.10.22"]
[SourceQuality "1"]

1. c4 Nf6 2. Nc3 e5 3. g3 Bb4 4. Bg2 0-0 5. Nd5 Bc5 6. e3 c6 7. Nxf6+ Qxf6 8. Ne2 d6 9. d4 Bb6 10. h3 Be6 11. b3 a5 12. Bb2 a4 13. 0-0 Rd8 14. f4 exd4 15. Bxd4 Bxd4 16. Nxd4 Na6 17. Qc2 axb3 18. axb3 Nb4 19. Qc3 Rxa1 20. Rxa1 c5 21. Ne2 d5 22. Qxf6 gxf6 23. cxd5 Bxd5 24. Rd1 Rd7 25. Nc3 Be6 26. Rxd7 Bxd7 27. Bxb7 Bxh3 28. Ne4 Nd3 29. Ba6 f5 30. Ng5 Nb4 31. Bc4 Bg4 32. Bxf7+ Kg7 33. Bc4 1-0

[Event "Kaluga Tsiolkovsky Memorial op"]
[Site "Kaluga"]
[Date "2013.08.07"]
[Round "5"]
[White "Dzhangobegov, Vladimir"]
[Black "Timofeev, Vladimir F"]
[Result "1-0"]
[WhiteElo "2378"]
[BlackElo "2222"]
[PlyCount "41"]
[EventDate "2013.08.03"]
[EventType "swiss"]
[EventRounds "9"]
[EventCountry "RUS"]
[SourceTitle "CBM 156 Extra"]
[Source "ChessBase"]
[SourceDate "2013.10.22"]
[SourceVersion "1"]
[SourceVersionDate "2013.10.22"]
[SourceQuality "1"]

1. e4 c5 2. Nf3 d6 3. d4 cxd4 4. Nxd4 Nf6 5. Nc3 a6 6. Bg5 Nbd7 7. Qe2 Qa5 8. f4 h6 9. Nb3 Qc7 10. Bxf6 gxf6 11. Qh5 Nb6 12. 0-0-0 Rg8 13. Qa5 Bd7 14. Rd4 d5 15. exd5 Qd6 16. Rb4 Nc8 17. Rxb7 Qxf4+ 18. Kb1 Nd6 19. Rxd7 Kxd7 20. Nc5+ Ke8 21. Qc7 1-0

[Event "Kaluga Tsiolkovsky Memorial op"]
[Site "Kaluga"]
[Date "2013.08.05"]
[Round "3"]
[White "Teterev, Vitaly"]
[Black "Timofeev, Vladimir F"]
[Result "1-0"]
[WhiteElo "2518"]
[BlackElo "2222"]
[PlyCount "80"]
[EventDate "2013.08.03"]
[EventType "swiss"]
[EventRounds "9"]
[EventCountry "RUS"]
[SourceTitle "CBM 156 Extra"]
[Source "ChessBase"]
[SourceDate "2013.10.22"]
[SourceVersion "1"]
[SourceVersionDate "2013.10.22"]
[SourceQuality "1"]

1. e4 c5 2. Nf3 d6 3. Bc4 Nc6 4. c3 Nf6 5. Qe2 a6 6. Bb3 Bg4 7. h3 Bh5 8. d3 e6 9. Bf4 Be7 10. Nbd2 b5 11. g4 Bg6 12. Nh4 Nd7 13. Nf5 exf5 14. exf5 Nde5 15. fxg6 Nxg6 16. Bg3 d5 17. 0-0 0-0 18. Rae1 Ra7 19. f4 c4 20. Bc2 Bd6 21. Qf3 Rd7 22. d4 Qc7 23. Kg2 Nge7 24. Qe3 Ng6 25. Qf2 Re7 26. Rxe7 Ngxe7 27. Nf3 Bxf4 28. Bxh7+ Kh8 29. Bxf4 Qxf4 30. Bb1 Ng6 31. Bxg6 fxg6 32. Qg3 a5 33. Qxf4 Rxf4 34. Re1 Re4 35. Rxe4 dxe4 36. Ng5 b4 37. Nxe4 a4 38. d5 bxc3 39. Nxc3 Ne5 40. Nxa4 Kg8 1-0

[Event "CFO-chT"]
[Site "Kaluga"]
[Date "2012.11.03"]
[Round "4.1"]
[White "Timofeev, Vladimir F"]
[Black "Tarasov, Igor"]
[Result "1/2-1/2"]
[WhiteElo "2237"]
[BlackElo "2307"]
[PlyCount "103"]
[EventDate "2012.10.31"]
[EventType "swiss"]
[EventRounds "9"]
[EventCountry "RUS"]
[SourceTitle "EXT 2014"]
[Source "ChessBase"]
[SourceDate "2013.11.20"]
[SourceVersion "1"]
[SourceVersionDate "2013.11.20"]
[SourceQuality "1"]

1. e4 e5 2. Nf3 Nc6 3. Bc4 Nf6 4. d3 h6 5. 0-0 d6 6. c3 g6 7. h3 Bg7 8. Bb3 0-0 9. Nh2 d5 10. Qf3 Be6 11. Ng4 dxe4 12. Nxf6+ Bxf6 13. dxe4 Bxb3 14. axb3 Bg5 15. Rd1 Qe7 16. Bxg5 hxg5 17. Nd2 Rfd8 18. Nf1 Rxd1 19. Rxd1 Na5 20. Ne3 c6 21. b4 Nb3 22. Ng4 Kg7 23. Qd3 a5 24. Qc4 a4 25. Qd3 f6 26. Qd7 Kf7 27. Rd6 Qxd7 28. Rxd7+ Ke6 29. Rxb7 Nd2 30. Rb6 Kd6 31. b5 Kc5 32. Rxc6+ Kxb5 33. Rxf6 Nc4 34. Rf7 Nxb2 35. Rb7+ Kc4 36. Rxb2 Kxc3 37. Re2 a3 38. Nxe5 a2 39. Rxa2 Rxa2 40. Nf3 Re2 41. Nxg5 Kd4 42. Kf1 Ra2 43. g3 Kd3 44. h4 Ra5 45. Kg2 Ke2 46. Nh3 Kd3 47. Nf4+ Kxe4 48. Nxg6 Kf5 49. Nf4 Ra2 50. Nd5 Ke4 51. Nf6+ Kf5 52. Nd5 1/2-1/2

[Event "Kaluga Tsiolkovsky Memorial op"]
[Site "Kaluga"]
[Date "2012.08.02"]
[Round "4"]
[White "Moiseev, Alexander"]
[Black "Timofeev, Vladimir F"]
[Result "1-0"]
[WhiteElo "1919"]
[BlackElo "2256"]
[PlyCount "97"]
[EventDate "2012.07.30"]
[EventType "swiss"]
[EventRounds "9"]
[EventCountry "RUS"]
[SourceTitle "EXT 2014"]
[Source "ChessBase"]
[SourceDate "2013.11.20"]
[SourceVersion "1"]
[SourceVersionDate "2013.11.20"]
[SourceQuality "1"]

1. e4 g6 2. Nc3 Bg7 3. g3 e5 4. Bg2 Ne7 5. d3 c6 6. f4 exf4 7. Bxf4 d5 8. Nf3 0-0 9. e5 f6 10. Qd2 Bg4 11. exf6 Bxf6 12. 0-0-0 c5 13. Rde1 Nbc6 14. Ng5 Qa5 15. Nxd5 Qxa2 16. Nxf6+ Rxf6 17. Qc3 Raf8 18. Qxc5 Rf5 19. Qc4+ Qxc4 20. dxc4 Ra5 21. b4 Ra1+ 22. Kb2 Rxe1 23. Rxe1 h6 24. Ne6 Rf6 25. Nc7 g5 26. Nd5 Nxd5 27. Bxd5+ Kf8 28. Be3 b6 29. Bd2 Ne7 30. Bg2 Bf3 31. Rf1 g4 32. Bxf3 gxf3 33. Bf4 Kf7 34. Rxf3 Ng6 35. Kc3 Ne5 36. Re3 Ng4 37. Re2 h5 38. Rd2 h4 39. h3 Nh6 40. b5 hxg3 41. Bxg3 Nf5 42. Bb8 Rh6 43. Rd3 Ke6 44. Bxa7 Ke5 45. c5 Ke4 46. c6 Ne3 47. c7 Rh8 48. Rd8 Nd5+ 49. Kb2 1-0

[Event "Kaluga Tsiolkovsky Memorial op"]
[Site "Kaluga"]
[Date "2012.07.30"]
[Round "1"]
[White "Timofeev, Vladimir F"]
[Black "Khozhanov, Khazhanurat"]
[Result "1-0"]
[WhiteElo "2256"]
[BlackElo "1919"]
[PlyCount "121"]
[EventDate "2012.07.30"]
[EventType "swiss"]
[EventRounds "9"]
[EventCountry "RUS"]
[SourceTitle "EXT 2014"]
[Source "ChessBase"]
[SourceDate "2013.11.20"]
[SourceVersion "1"]
[SourceVersionDate "2013.11.20"]
[SourceQuality "1"]

1. e4 e5 2. Bc4 Nc6 3. d3 Nf6 4. Nc3 Be7 5. f4 0-0 6. Nf3 d6 7. 0-0 Na5 8. Bb3 Nxb3 9. axb3 c6 10. Kh1 exf4 11. Bxf4 d5 12. e5 Ne8 13. Qd2 Nc7 14. Qf2 Ne6 15. Be3 c5 16. d4 b6 17. Rfd1 Bb7 18. dxc5 Nxc5 19. b4 Ne6 20. b5 Nc7 21. Qg3 f6 22. Bf4 Ne6 23. exf6 Bxf6 24. Be5 Bxe5 25. Qxe5 Nf4 26. Ra4 Qf6 27. Qxf6 Rxf6 28. Nd4 Rg6 29. g3 Ne6 30. Nce2 Nc5 31. Ra3 a6 32. Rda1 Rf6 33. b4 Ne4 34. bxa6 Bc8 35. Nf4 Nf2+ 36. Kg2 Ng4 37. h3 g5 38. Nxd5 Rd6 39. Ne7+ Kh8 40. Nxc8 Rxc8 41. a7 Rxd4 42. hxg4 Ra8 43. c3 Rd2+ 44. Kg1 Rd7 45. c4 Rc7 46. Ra6 Rb7 47. b5 Kg7 48. Kf2 Kf7 49. Ke3 Re7+ 50. Kf3 Rb7 51. Ke4 Rc7 52. Rxb6 Rxc4+ 53. Kd5 Rc7 54. Rh6 Kg7 55. b6 Rc2 56. b7 Rd8+ 57. Ke4 Rc4+ 58. Kf3 Rc3+ 59. Ke2 Rc2+ 60. Ke1 Kxh6 61. b8Q 1-0

[Event "RUS-ch Seniors"]
[Site "Odintsovo"]
[Date "2011.04.27"]
[Round "9"]
[White "Koshil, Tikhon Stepanovich"]
[Black "Timofeev, Vladimir F"]
[Result "0-1"]
[WhiteElo "2045"]
[BlackElo "2284"]
[PlyCount "174"]
[EventDate "2011.04.19"]
[EventType "swiss"]
[EventRounds "9"]
[EventCountry "RUS"]
[SourceTitle "CBM 142 Extra"]
[Source "ChessBase"]
[SourceDate "2011.06.27"]
[SourceVersion "1"]
[SourceVersionDate "2011.06.27"]
[SourceQuality "1"]

1. e4 c5 2. Nf3 Nc6 3. d3 d6 4. g3 g6 5. Bg2 Bg7 6. 0-0 e5 7. c3 Nge7 8. Bg5 h6 9. Be3 f5 10. Qc1 Be6 11. Na3 a6 12. Nh4 Rc8 13. Nc2 b6 14. Rd1 f4 15. Bd2 g5 16. Nf3 0-0 17. Nfe1 Ng6 18. f3 Qd7 19. g4 h5 20. h3 Nh4 21. Kf2 Rf7 22. Na3 b5 23. Qc2 Bf6 24. Bc1 Bd8 25. Qe2 Bb6 26. Qf1 Rcf8 27. Ke2 hxg4 28. hxg4 Bxg4 29. Kd2 Be6 30. Kc2 Rg7 31. Rd2 Qf7 32. Kb1 Na5 33. Nac2 Nc6 34. b3 Qd7 35. Bb2 Rb8 36. d4 Bf7 37. dxc5 Bxc5 38. Nd3 Qa7 39. Nxc5 dxc5 40. Bh3 Rd8 41. Rxd8+ Nxd8 42. Qd3 Qc7 43. Ne1 c4 44. Qd1 Nb7 45. b4 Qd6 46. Qxd6 Nxd6 47. a4 Bh5 48. axb5 axb5 49. Ra8+ Kh7 50. Rd8 Nf7 51. Rb8 Nd6 52. Rd8 Rg6 53. Rd7+ Kg8 54. Rd8+ Kf7 55. Rd7+ Ke8 56. Rh7 Bxf3 57. Nxf3 Nxf3 58. Bg4 Rg8 59. Bh5+ Kd8 60. Bxf3 g4 61. Bh1 f3 62. Bc1 Nxe4 63. Kc2 Ng3 64. Be3 Nxh1 65. Rxh1 Ke7 66. Rf1 Ke6 67. Bg1 Kf5 68. Kd2 Rd8+ 69. Ke3 Rd3+ 70. Kf2 Rxc3 71. Kg3 Rc2 72. Bf2 Rb2 73. Rh1 Rxb4 74. Rh5+ Ke4 75. Rg5 Rb2 76. Rxg4+ Kd3 77. Rg5 c3 78. Rxe5 b4 79. Kxf3 Rxf2+ 80. Kxf2 c2 81. Rd5+ Ke4 82. Rc5 b3 83. Ke2 b2 84. Kd2 b1Q 85. Rxc2 Kd4 86. Rc1 Qd3+ 87. Ke1 Ke3 0-1

[Event "RUS-ch Seniors"]
[Site "Odintsovo"]
[Date "2011.04.20"]
[Round "2"]
[White "Timofeev, Vladimir F"]
[Black "Pushkov, Nikolai"]
[Result "1/2-1/2"]
[WhiteElo "2284"]
[BlackElo "2424"]
[PlyCount "116"]
[EventDate "2011.04.19"]
[EventType "swiss"]
[EventRounds "9"]
[EventCountry "RUS"]
[SourceTitle "CBM 142 Extra"]
[Source "ChessBase"]
[SourceDate "2011.06.27"]
[SourceVersion "1"]
[SourceVersionDate "2011.06.27"]
[SourceQuality "1"]

1. e4 e6 2. d4 d5 3. Nc3 Nf6 4. Bg5 dxe4 5. Nxe4 Nbd7 6. Nf3 h6 7. Nxf6+ Nxf6 8. Bh4 Bd6 9. Bd3 c5 10. dxc5 Qa5+ 11. Qd2 Qxd2+ 12. Nxd2 Bxc5 13. Bb5+ Bd7 14. Bxd7+ Kxd7 15. 0-0-0 Ke7 16. Ne4 Rac8 17. Nxf6 gxf6 18. Rd3 Rhg8 19. Rhd1 Rc7 20. Rf3 Rg6 21. g4 e5 22. h3 Ke6 23. Rf5 Bb6 24. c3 Rc4 25. Re1 Bc7 26. Kc2 Rc6 27. f4 Kd7 28. fxe5 Bxe5 29. Re3 a6 30. a4 Rc4 31. b3 Rf4 32. Rxf4 Bxf4 33. Rf3 Be5 34. Rf5 Ke6 35. Kd3 Rg8 36. Be1 Rd8+ 37. Kc2 b5 38. axb5 axb5 39. Bd2 Rc8 40. Rf3 Rh8 41. Rf5 Rc8 42. Kd3 Rd8+ 43. Ke2 Rc8 44. Rh5 Bxc3 45. Rxb5 Be5 46. Kf3 Rc2 47. Bxh6 Rc3+ 48. Ke4 Rxh3 49. Bf4 Bxf4 50. Kxf4 Rh1 51. Rb6+ Ke7 52. b4 Rf1+ 53. Ke4 Rg1 54. Kd5 Rxg4 55. Rb7+ Kd8 56. b5 f5 57. b6 Kc8 58. Rxf7 Rg1 1/2-1/2

[Event "RUS-ch Seniors"]
[Site "Odintsovo"]
[Date "2011.04.19"]
[Round "1"]
[White "Rosanov, Lev I"]
[Black "Timofeev, Vladimir F"]
[Result "0-1"]
[WhiteElo "2042"]
[BlackElo "2284"]
[PlyCount "53"]
[EventDate "2011.04.19"]
[EventType "swiss"]
[EventRounds "9"]
[EventCountry "RUS"]
[SourceTitle "CBM 142 Extra"]
[Source "ChessBase"]
[SourceDate "2011.06.27"]
[SourceVersion "1"]
[SourceVersionDate "2011.06.27"]
[SourceQuality "1"]

1. e4 c6 2. d4 d5 3. e5 Bf5 4. Nf3 e6 5. a3 Nd7 6. b4 a5 7. b5 c5 8. c4 dxc4 9. Bxc4 Nb6 10. Ba2 c4 11. 0-0 Ne7 12. Nc3 Ned5 13. Na4 Nxa4 14. Qxa4 Bd3 15. b6+ Qd7 16. Qxd7+ Kxd7 17. Re1 Ra6 18. Ng5 Be7 19. Nxf7 Rf8 20. Nd6 Bxd6 21. exd6 Rxb6 22. Bd2 Rb2 23. Be3 Nxe3 24. Rxe3 Rfxf2 25. Rg3 Rxa2 26. Rxg7+ Kxd6 27. Re1 0-1

[Event "CFO-ch Seniors"]
[Site "Kaluga"]
[Date "2011.03.07"]
[Round "?"]
[White "Gavrilichev, Aleksandr"]
[Black "Timofeev, Vladimir F"]
[Result "0-1"]
[WhiteElo "2088"]
[BlackElo "2284"]
[PlyCount "28"]
[EventDate "2011.03.05"]
[EventType "swiss"]
[EventRounds "9"]
[EventCountry "RUS"]
[SourceTitle "CBM 141 Extra"]
[Source "ChessBase"]
[SourceDate "2011.05.03"]
[SourceVersion "1"]
[SourceVersionDate "2011.05.03"]
[SourceQuality "1"]

1. e4 c6 2. c4 e5 3. d4 Nf6 4. Nc3 Bb4 5. f3 Qa5 6. Nge2 exd4 7. Qxd4 d6 8. Bf4 Bc5 9. Qd3 Na6 10. 0-0-0 Be6 11. Nd4 Nh5 12. Be3 Nb4 13. Qb1 0-0-0 14. Bg5 Bxd4 0-1

[Event "CFO-ch Seniors"]
[Site "Kaluga"]
[Date "2011.03.06"]
[Round "?"]
[White "Timofeev, Vladimir F"]
[Black "Klimenko, Valentin"]
[Result "1-0"]
[WhiteElo "2284"]
[BlackElo "2066"]
[PlyCount "55"]
[EventDate "2011.03.05"]
[EventType "swiss"]
[EventRounds "9"]
[EventCountry "RUS"]
[SourceTitle "CBM 141 Extra"]
[Source "ChessBase"]
[SourceDate "2011.05.03"]
[SourceVersion "1"]
[SourceVersionDate "2011.05.03"]
[SourceQuality "1"]

1. e4 c5 2. Nf3 Nf6 3. e5 Nd5 4. Nc3 e6 5. Nxd5 exd5 6. d4 d6 7. exd6 Bxd6 8. dxc5 Bxc5 9. Bb5+ Nc6 10. Qe2+ Be6 11. Ng5 0-0 12. Bd3 h6 13. Nxe6 fxe6 14. Qxe6+ Kh8 15. 0-0 Rf6 16. Qh3 Qf8 17. Be3 Re8 18. Rae1 d4 19. Bd2 Ne5 20. Bb5 Re7 21. Bg5 d3 22. Bxf6 Qxf6 23. Qc8+ Kh7 24. Qxc5 d2 25. Re3 Qg5 26. Bd3+ g6 27. Qd6 h5 28. f4 1-0

[Event "Riazan-ch"]
[Site "Riazan"]
[Date "2010.04.??"]
[Round "?"]
[White "Kulikov, Fedor"]
[Black "Timofeev, Vladimir F"]
[Result "1/2-1/2"]
[WhiteElo "1872"]
[BlackElo "2286"]
[PlyCount "44"]
[EventDate "2010.04.??"]
[EventType "swiss"]
[EventRounds "11"]
[EventCountry "RUS"]
[SourceTitle "EXT 2011"]
[Source "ChessBase"]
[SourceDate "2010.11.26"]
[SourceVersion "1"]
[SourceVersionDate "2010.11.26"]
[SourceQuality "1"]

1. e4 d6 2. d4 Nf6 3. Nc3 g6 4. Nf3 Bg7 5. Be3 0-0 6. Qd2 Re8 7. 0-0-0 c6 8. Bh6 Bh8 9. h4 Bg4 10. Be2 Qa5 11. Nh2 Be6 12. b3 b5 13. Kb1 b4 14. Na4 Nxe4 15. Qe3 d5 16. h5 c5 17. hxg6 hxg6 18. Nf3 Nd7 19. Bg5 Bg7 20. Bh6 Bf6 21. Bg5 Bg7 22. Bh6 Bf6 1/2-1/2

[Event "Moscow op-B"]
[Site "Moscow"]
[Date "2009.02.04"]
[Round "5"]
[White "Timofeev, Vladimir F"]
[Black "Tchernyi, Viktor"]
[Result "1-0"]
[WhiteElo "2288"]
[BlackElo "2154"]
[PlyCount "89"]
[EventDate "2009.01.31"]
[EventType "swiss"]
[EventRounds "9"]
[EventCountry "RUS"]
[SourceTitle "EXT 2012"]
[Source "ChessBase"]
[SourceDate "2011.11.24"]
[SourceVersion "1"]
[SourceVersionDate "2011.11.24"]
[SourceQuality "1"]

1. e4 c5 2. c3 e6 3. Nf3 d5 4. exd5 exd5 5. d4 Nc6 6. Be3 Qb6 7. Qe2 c4 8. Qc2 Bd6 9. Nbd2 Nge7 10. b3 Bf5 11. Qc1 Qa5 12. a4 cxb3 13. Nxb3 Qb6 14. Nc5 0-0 15. Be2 Ng6 16. 0-0 Qc7 17. c4 Nb4 18. cxd5 Nxd5 19. Bd3 Bg4 20. Be4 Nf6 21. h3 Bc8 22. Bd3 Re8 23. Re1 b6 24. Na6 Qb7 25. Bb5 Bd7 26. Qd2 Rec8 27. Bxd7 Qxd7 28. Qd3 Nd5 29. Bd2 h6 30. Ne5 Ndf4 31. Bxf4 Nxf4 32. Qe4 Bxe5 33. dxe5 Ne6 34. Red1 Qc6 35. Qf5 Rd8 36. Rdc1 Qb7 37. Nb4 Nc5 38. Rc3 Rd4 39. Nc2 Rxa4 40. Rxa4 Nxa4 41. Rg3 Nc5 42. Ne3 Qe4 43. Qf6 g6 44. Nf5 Ne6 45. Rxg6+ 1-0

[Event "Moscow op-B 04th"]
[Site "Moscow"]
[Date "2008.02.09"]
[Round "8"]
[White "Timofeev, Vladimir F"]
[Black "Dzyuba, Alexander"]
[Result "1-0"]
[WhiteElo "2294"]
[BlackElo "2125"]
[PlyCount "71"]
[EventDate "2008.02.02"]
[EventType "swiss"]
[EventRounds "9"]
[EventCountry "RUS"]
[SourceTitle "CBM 122 Extra"]
[Source "ChessBase"]
[SourceDate "2008.03.04"]
[SourceVersion "1"]
[SourceVersionDate "2008.03.04"]
[SourceQuality "1"]

1. d4 Nf6 2. c4 e6 3. Nf3 b6 4. Nc3 Bb7 5. a3 Be7 6. d5 0-0 7. e4 d6 8. Bd3 Re8 9. 0-0 Nbd7 10. Nd4 Bf8 11. Bc2 Ba6 12. b3 g6 13. Re1 Bg7 14. Bg5 Qc8 15. Qd2 Nh5 16. a4 Nf8 17. Bd1 e5 18. Nc6 f6 19. Be3 Kh8 20. h3 Qd7 21. Nb5 Qf7 22. Nbxa7 g5 23. Bg4 Nf4 24. g3 h5 25. Bf5 N4g6 26. Qe2 h4 27. Qg4 Bh6 28. a5 bxa5 29. Rxa5 Bb7 30. Rea1 hxg3 31. fxg3 Ne7 32. Nxe7 Qxe7 33. b4 Red8 34. c5 Rab8 35. c6 Ba8 36. Nc8 1-0

[Event "Moscow op-B 04th"]
[Site "Moscow"]
[Date "2008.02.07"]
[Round "6"]
[White "Kuznetsova, Olga1111"]
[Black "Timofeev, Vladimir F"]
[Result "1-0"]
[WhiteElo "2134"]
[BlackElo "2294"]
[PlyCount "70"]
[EventDate "2008.02.02"]
[EventType "swiss"]
[EventRounds "9"]
[EventCountry "RUS"]
[SourceTitle "CBM 122 Extra"]
[Source "ChessBase"]
[SourceDate "2008.03.04"]
[SourceVersion "1"]
[SourceVersionDate "2008.03.04"]
[SourceQuality "1"]

1. c4 e5 2. Nc3 Nf6 3. g3 Bb4 4. Nd5 Nxd5 5. cxd5 0-0 6. Bg2 d6 7. a3 Ba5 8. Nf3 c6 9. dxc6 Nxc6 10. 0-0 Bb6 11. d3 h6 12. b4 f5 13. Bb2 Kh7 14. Nd2 f4 15. Nc4 Bd4 16. b5 Ne7 17. Bxd4 exd4 18. Nd2 Qb6 19. Qa4 a6 20. Rab1 d5 21. Qb4 Rf7 22. bxa6 Qxb4 23. axb4 Rxa6 24. Nb3 fxg3 25. hxg3 Nf5 26. Bxd5 Be6 27. Be4 Bxb3 28. Rxb3 g6 29. b5 Ra2 30. Bf3 Rc2 31. b6 Rd7 32. Ra1 Ne7 33. Bg4 Nf5 34. Ra7 Rc8 35. Rb4 Kg7 1-0

[Event "Kaluga Tsiolkovsky Memorial op"]
[Site "Kaluga"]
[Date "2007.08.07"]
[Round "5"]
[White "Sakov, Anatolij J"]
[Black "Timofeev, Vladimir F"]
[Result "0-1"]
[WhiteElo "2122"]
[BlackElo "2312"]
[PlyCount "84"]
[EventDate "2007.08.03"]
[EventType "swiss"]
[EventRounds "9"]
[EventCountry "RUS"]
[SourceTitle "CBM 119 Extra"]
[Source "ChessBase"]
[SourceDate "2007.09.04"]
[SourceVersion "1"]
[SourceVersionDate "2007.09.04"]
[SourceQuality "1"]

1. d4 Nf6 2. e3 c5 3. Bd3 g6 4. f4 Qc7 5. Nf3 Bg7 6. 0-0 0-0 7. c3 d5 8. Ne5 b6 9. Nd2 Ba6 10. Qe2 Bxd3 11. Qxd3 e6 12. g4 Nc6 13. Ndf3 Ne4 14. Nxc6 Qxc6 15. Bd2 b5 16. h4 Qd7 17. Nh2 c4 18. Qc2 f6 19. Be1 e5 20. Qg2 exd4 21. exd4 f5 22. g5 b4 23. Nf3 bxc3 24. Bxc3 Rab8 25. Ne5 Bxe5 26. fxe5 Kg7 27. Rf4 Rh8 28. Qc2 h6 29. gxh6+ Rxh6 30. Raf1 Ng3 31. R1f2 Qe7 32. Rh2 g5 33. Rxf5 Nxf5 34. Qxf5 Rf8 35. Qb1 Rxh4 36. Rg2 Rfh8 37. Kf2 Qf7+ 38. Ke2 Re4+ 39. Kd2 Qf4+ 40. Kc2 Rh2 41. Qg1 Re2+ 42. Rxe2 Rxe2+ 0-1

[Event "Kaluga Tsiolkovsky Memorial op"]
[Site "Kaluga"]
[Date "2007.08.04"]
[Round "2"]
[White "Timofeev, Vladimir F"]
[Black "Zhelnin, Vladimir V"]
[Result "1/2-1/2"]
[WhiteElo "2312"]
[BlackElo "2433"]
[PlyCount "89"]
[EventDate "2007.08.03"]
[EventType "swiss"]
[EventRounds "9"]
[EventCountry "RUS"]
[SourceTitle "CBM 119 Extra"]
[Source "ChessBase"]
[SourceDate "2007.09.04"]
[SourceVersion "1"]
[SourceVersionDate "2007.09.04"]
[SourceQuality "1"]

1. d4 Nf6 2. c4 d6 3. Nc3 Nbd7 4. e4 e5 5. Nf3 g6 6. Bg5 h6 7. Be3 Ng4 8. Bd2 Bg7 9. d5 f5 10. Bd3 0-0 11. Bc2 Nc5 12. Qe2 Nf6 13. exf5 gxf5 14. 0-0-0 e4 15. Nh4 Ng4 16. Ng6 Re8 17. Nf4 Nd3+ 18. Bxd3 exd3 19. Qf3 Qh4 20. Rde1 Bd7 21. g3 Rxe1+ 22. Rxe1 Qxh2 23. Nxd3 Ne5 24. Nxe5 dxe5 25. Rh1 e4 26. Rxh2 exf3 27. Bxh6 Bf6 28. Be3 a6 29. Kd2 b5 30. cxb5 axb5 31. a3 Rd8 32. Kc2 Be8 33. Rh1 Bxc3 34. Kxc3 Rxd5 35. Rh4 c5 36. Rf4 Bh5 37. b3 Kf7 38. a4 bxa4 39. bxa4 Ke6 40. a5 Kd6 41. Rh4 Be8 42. Bf4+ Kc6 43. Rh7 Kb5 44. Re7 Bc6 45. Re5 1/2-1/2

[Event "Moscow op 03rd"]
[Site "Moscow"]
[Date "2007.02.03"]
[Round "8"]
[White "Timofeev, Vladimir F"]
[Black "Dvalishvili, Pavel S"]
[Result "0-1"]
[WhiteElo "2302"]
[BlackElo "2477"]
[PlyCount "100"]
[EventDate "2007.01.27"]
[EventType "swiss"]
[EventRounds "9"]
[EventCountry "RUS"]
[SourceTitle "CBM 116 Extra"]
[Source "ChessBase"]
[SourceDate "2007.03.07"]
[SourceVersion "1"]
[SourceVersionDate "2007.03.07"]
[SourceQuality "1"]

1. e4 c5 2. c3 Nf6 3. e5 Nd5 4. Bc4 Nb6 5. Bb3 Nc6 6. Nf3 g6 7. d4 cxd4 8. cxd4 Bg7 9. Ng5 0-0 10. f4 d5 11. Nc3 f6 12. Nf3 Bg4 13. 0-0 Qd7 14. Ne4 Na5 15. Nc5 Qc6 16. Qe1 Nxb3 17. axb3 Bxf3 18. Rxf3 fxe5 19. fxe5 Rxf3 20. gxf3 Nd7 21. b4 Nf8 22. Be3 b6 23. Nd3 Qd7 24. Qe2 Rc8 25. Rc1 Rxc1+ 26. Nxc1 Ne6 27. Qc2 Bf8 28. Qd3 Qa4 29. Qc3 Ng7 30. b3 Qd7 31. Bh6 Nf5 32. Bxf8 Kxf8 33. Ne2 Nh4 34. Ng3 Qh3 35. Qb2 Nxf3+ 36. Kh1 Qg4 37. Qf2 Kg7 38. Kg2 Ng5 39. Kf1 Qd1+ 40. Kg2 Ne6 41. Ne2 Qxe2 42. Qxe2 Nf4+ 43. Kf3 Nxe2 44. Kxe2 g5 45. b5 Kg6 46. Kf3 Kf5 47. h3 h5 48. Ke3 e6 49. b4 g4 50. h4 g3 0-1